Le travail en réseau : un consensus ambigu et un manque d'outils (notice n° 2224938)

détails MARC
000 -LEADER
fixed length control field 01341cam a2200157 4500500
005 - DATE AND TIME OF LATEST TRANSACTION
control field 20260426014426.0
041 ## - LANGUAGE CODE
Language code of text/sound track or separate title fre
042 ## - AUTHENTICATION CODE
Authentication code dc
100 10 - MAIN ENTRY--PERSONAL NAME
Personal name Schweyer, François-Xavier
Relator term author
245 00 - TITLE STATEMENT
Title Le travail en réseau : un consensus ambigu et un manque d'outils
260 ## - PUBLICATION, DISTRIBUTION, ETC.
Date of publication, distribution, etc. 2005.<br/>
500 ## - GENERAL NOTE
General note 6
520 ## - SUMMARY, ETC.
Summary, etc. RésuméL’article repose sur un constat : la notion de travail en réseau est floue pour beaucoup de professionnels de santé et souffre d’un déficit du sens. L’auteur fait un état des lieux de cette nouvelle forme d’organisation de l’offre des soins et du travail qui fait appel à d’autres compétences et espaces professionnels. Il analyse plusieurs points critiques : l’ambiguïté structurelle entre les réseaux et les fondateurs, les effets de l’institutionnalisation du réseau sur l’engagement des membres fondateurs, la confrontation aux contraintes administratives et gestionnaires… qui expliquent finalement la faible explicitation de la notion de travail en réseau. Il évoque enfin quelques pistes d’action pour assurer le développement et la pérennité des réseaux de santé.
786 0# - DATA SOURCE ENTRY
Note Sociologies pratiques | 11 | 2 | 2005-09-01 | p. 89-104 | 1235-9278
856 41 - ELECTRONIC LOCATION AND ACCESS
Uniform Resource Identifier <a href="https://shs.cairn.info/revue-sociologies-pratiques-2005-2-page-89?lang=fr&redirect-ssocas=7080">https://shs.cairn.info/revue-sociologies-pratiques-2005-2-page-89?lang=fr&redirect-ssocas=7080</a>

Pas d'exemplaire disponible.

PLUDOC

PLUDOC est la plateforme unique et centralisée de gestion des bibliothèques physiques et numériques de Guinée administré par le CEDUST. Elle est la plus grande base de données de ressources documentaires pour les Étudiants, Enseignants chercheurs et Chercheurs de Guinée.

Adresse

627 919 101/664 919 101

25 boulevard du commerce
Kaloum, Conakry, Guinée

Réseaux sociaux

Powered by Netsen Group @ 2025